Sports Quiz

Random Sports or NHL Quiz

NHL Stanley Cup Champions from 1960 onward Quiz Stats

 Plays Quiz not verified by Sporcle

Challenge
Share
Tweet
Embed
Score 0/52 Timer 10:00
0 Plays Today
Year Team % Correct
1981New York Islanders
84.6%
1982New York Islanders
84.6%
1980New York Islanders
83.6%
1983New York Islanders
83.6%
1984Edmonton Oilers
83.1%
1985Edmonton Oilers
83.1%
2009Pittsburg Penguins
83.1%
2010Chicago Blackhawks
82.6%
2011Boston Bruins
82.6%
1988Edmonton Oilers
82.1%
1994New York Rangers
82.1%
1993Montreal Canadiens
81.5%
1960Montreal Canadiens
81%
1976Montreal Canadiens
80.5%
1979Montreal Canadiens
80%
1977Montreal Canadiens
79.5%
1978Montreal Canadiens
79.5%
1986Montreal Canadiens
79%
1992Pittsburg Penguins
79%
1989Calgary Flames
78.5%
1990Edmonton Oilers
78.5%
1991Pittsburg Penguins
78.5%
1975Philadelphia Flyers
77.9%
1970Boston Bruins
77.4%
2000New Jersey Devils
77.4%
1973Montreal Canadiens
76.9%
Year Team % Correct
1995New Jersey Devils
76.9%
1967Toronto Maple Leafs
76.4%
1968Montreal Canadiens
76.4%
1969Montreal Canadiens
76.4%
1996Colorado Avalanche
76.4%
2001Colorado Avalanche
76.4%
1962Toronto Maple Leafs
75.9%
1972Boston Bruins
75.9%
1974Philadelphia Flyers
75.4%
1999Dallas Stars
75.4%
1961Chicago Blackhawks
74.9%
1971Montreal Canadiens
74.9%
1965Montreal Canadiens
74.4%
1966Montreal Canadiens
74.4%
2004Tampa Bay Lightning
72.8%
2007Anaheim Ducks
72.3%
1963Toronto Maple Leafs
71.3%
1964Toronto Maple Leafs
71.3%
2006Carolina Hurricanes
71.3%
2008Detroit Red Wings
68.7%
2003New Jersey Devils
68.2%
1997Detroit Red Wings
67.7%
1998Detroit Red Wings
67.2%
2002Detroit Red Wings
66.7%
2005Lockout
60%
1987Edmonton Oilers
48.7%

You're not logged in!

Compare scores with friends on all Sporcle quizzes.
Join for Free
OR
Log In

You Might Also Like...

Show Comments

Extras

Top Quizzes Today


Score Distribution

Your Account Isn't Verified!

In order to create a playlist on Sporcle, you need to verify the email address you used during registration. Go to your Sporcle Settings to finish the process.

Report this User

Report this user for behavior that violates our Community Guidelines.

Details: